Normal view
MARC view
- Supervised by Maj Asim Rasheed
Entry Personal Name
001 - CONTROL NUMBER
- control field: 132056
003 - CONTROL NUMBER IDENTIFIER
- control field: NUST
005 - DATE AND TIME OF LATEST TRANSACTION
- control field: 20251125122348.0
008 - FIXED-LENGTH DATA ELEMENTS
- fixed length control field: 251125|| aca||aabn | a|a d
040 ## - CATALOGING SOURCE
- Original cataloging agency: NUST
- Transcribing agency: NUST
100 ## - HEADING--PERSONAL NAME
- Personal name: Supervised by Maj Asim Rasheed
670 ## - SOURCE DATA FOUND
- Source citation: Work cat.: (NUST)190713: Hadi, Muhammad Umair (TE-45/TCC-20) 131494, Vanet Fleet Management /, 2012
